Statistics for Fire Emblem Series - All Playable Characters

Click here to take the quiz!

General Stats

  • This quiz has been taken 300 times
    (286 since last reset)
  • The average score is 398 of 747

Answer Stats

GamesUnit NameStarting Class% Correct
FE1/3/11/12MarthLord
96%
FE1/3/11/12CainCavalier
88%
FE5KaneLance Knight
88%
FE7LynLord
88%
FE9/10IkeRanger
87%
FE13ChromLord
86%
FE4ClaudHigh Priest
86%
FE16ClaudeNoble
86%
FE5FredPaladin
86%
FE14LeoDark Knight
86%
FE6RoyLord
86%
FE1/3/11/12AbelCavalier
85%
FE2/15CelicaPriestess
85%
FE2/15AlmFighter
84%
FE16AnnaMyrmidon
84%
FE:WAnnaTrickster
84%
FEHAnnaLord
84%
FE14 (DLC)AnnaOutlaw
84%
FE13AnnaTrickster
84%
FE17AnnaAxe Fighter
84%
FE1/3/11/12CaedaPegasus Knight
84%
FE14CorrinNohr Prince/ss
84%
FE6*/FE7EliwoodLord
84%
FE6*/FE7HectorLord
84%
FE13RobinTactician
84%
FE4SigurdKnight Lord
84%
FE1/3/11/12CordFighter
83%
FE1/3/11/12JagenPaladin
83%
FE2/15LeonArcher
83%
FE13LucinaLord
83%
FE16DimitriNoble
82%
FE16EdelgardNoble
82%
FEHEirDeath Princess
82%
FE17 (DLC)Nil / RafalFell Child
82%
FE16BylethCommoner
81%
FE8EirikaLord
81%
FE8EphraimLord
81%
FE13LissaCleric
81%
FE15FayeVillager
80%
FE1/3/11/12MariaCleric
80%
FE8SethPaladin
80%
FE1/3/10/11/13TikiManakete
80%
FEHAshRoyal Cow
79%
FE16AsheCommoner
79%
FE6ElenPriest
79%
FE13FrederickGreat Knight
79%
FE4/5LeifPrince
79%
FE9/10TitaniaPaladin
79%
FE14CamillaMalig Knight
78%
FE6CathThief
78%
FE14EliseTroubadour
78%
FE5PerneThief Fighter
78%
FE6SinNomad
78%
FE9/10SorenMage
78%
FE14RhajatDiviner
77%
FE13TharjaDark Mage
77%
FE17AlearDragon Child
76%
FE16FelixNoble
76%
FE17LouisLance Armor
76%
FE7LouiseSniper
76%
FE14RyomaSwordmaster
76%
FE4SeliphJunior Lord
76%
FE14XanderPaladin
76%
FE4ArthurMage
75%
FE14ArthurFighter
75%
FE14AzuraSongstress
75%
FE1/2/3/10/11/15EstPegasus Knight
75%
FE7FlorinaPegasus Knight
75%
FE16HildaNoble
75%
FE9/10MiaMyrmidon
75%
FE10MicaiahLight Mage
75%
FE9/10MistCleric
75%
FE7NinianDancer
75%
FE14OdinDark Mage
75%
FE13PanneTaguel
75%
FE14SelenaMercenary
75%
FE13SeveraMercenary
75%
FE9/10SotheThief
75%
FE13SumiaPegasus Knight
75%
FE16SylvainNoble
75%
FE16DorotheaCommoner
74%
FE16FerdinandNoble
74%
FE16HubertNoble
74%
FE13NowiManakete
74%
FE13OwainMyrmidon
74%
FE1/2/3/10/11/15PallaPegasus Knight
74%
FE13SullyCavalier
74%
FE13VaikeFighter
74%
FE16AnnetteNoble
73%
FE16BernadettaNoble
73%
FE14CaeldoriSky Knight
73%
FE13CordeliaPegasus Knight
73%
FE16IngridNoble
73%
FE4JuliaLight Priestess
73%
FE1/3/11/12LorenzGeneral
73%
FE16LorenzNoble
73%
FE2/15LukasSoldier
73%
FE6/7MarcusPaladin
73%
FE16MercedesCommoner
73%
FE13NahManakete
73%
FE13VirionArcher
73%
FE1/11/12WrysCurate
73%
FE16CasparNoble
72%
FE1/2/3/10/11/15CatriaPegasus Knight
72%
FE9/10ElinciaPrincess Crimea
72%
FE7KentCavalier
72%
FE7NinoMage
72%
FE13OliviaDancer
72%
FE14TakumiArcher
72%
FE2/15BoeyMage
71%
FE16DedueCommoner
71%
FE14FeliciaMaid
71%
FE13GregorMercenary
71%
FE5LaraThief
71%
FE6LilinaMage
71%
FE13Lon'quMyrmidon
71%
FE2/15MaeMage
71%
FE16MarianneNoble
71%
FE7MatthewThief
71%
FE7NilsBard
71%
FE7SainCavalier
71%
FE2/15TobinVillager
71%
FE9/10BoydFighter
70%
FE16CatherineSwordmaster
70%
FE13DonnelVillager
70%
FE16FlaynPriest
70%
FE13GaiusThief
70%
FE1/3/11/12GordinArcher
70%
FE13HenryDark Mage
70%
FE13InigoMercenary
70%
FE14LaslowMercenary
70%
FE16LysitheaNoble
70%
FE14SakuraShrine Maiden
70%
FE9/10ShinonSniper
70%
FE16 (DLC)YuriCommoner
70%
FE14AsugiNinja
69%
FE12*/13*CamusPaladin
69%
FE7ErkMage
69%
FE16 (DLC)HapiCommoner
69%
FE7JaffarAssassin
69%
FE9/10JillWyvern Rider
69%
FE9/10LetheCat
69%
FE3/12LukeCavalier
69%
FE13MirielMage
69%
FE9/10OscarLance Knight
69%
FE7PentSage
69%
FE7RavenMercenary
69%
FE16SetethWyvern Rider
69%
FE16ShamirSniper
69%
FE2/15SilqueCleric
69%
FE3/12SiriusPaladin
69%
FE13StahlCavalier
69%
FE8TanaPegasus Knight
69%
FE2/15ZekeGold Knight
69%
FE8ArturMonk
68%
FE10*Black KnightBlack Knight
68%
FE13ChercheWyvern Rider
68%
FE17FrammeMartial Monk
68%
FE2/15GrayVillager
68%
FE14HinokaSky Knight
68%
FE16IgnatzCommoner
68%
FE17IvyWing Tamer
68%
FE14JakobButler
68%
FE8JoshuaMyrmidon
68%
FE14KazeNinja
68%
FE8L'ArachelTroubadour
68%
FE16LinhardtNoble
68%
FE7LuciusMonk
68%
FE8*LyonNecromancer
68%
FE1/3/11/12MinervaDracoknight
68%
FE1/3/11/12NavarreMyrmidon
68%
FE16PetraCommoner
68%
FE16RaphaelCommoner
68%
FE13RickenMage
68%
FE9/10RolfArcher
68%
FE6ShannaPegasus Knight
68%
FE1/3/11/12BordFighter
67%
FE2/15CliveCavalier
67%
FE17DiamantLord
67%
FE13KellamKnight
67%
FE8LuteMage
67%
FE13MaribelleTroubadour
67%
FE6/7MerlinusTransporter
67%
FE13Morgan-
67%
FE2/15PythonArcher
67%
FE8RossJourneyman
67%
FE7SerraCleric
67%
FE7WilArcher
67%
FE17AlcrystLord
66%
FE8AmeliaRecruit
66%
FE17CélineNoble
66%
FE2/15ClairPegasus Knight
66%
FE17ClanneMage
66%
FE7DorcasFighter
66%
FE6FaeManakete
66%
FE16LeonieCommoner
66%
FE14SaizoNinja
66%
FE2/15SonyaMage
66%
FE9/10TibarnHawk
66%
FE17AlfredNoble
65%
FE16 (DLC)BalthusNoble
65%
FE5DeanWyvern Rider
65%
FE7HeathWyvern Rider
65%
FE9/10MordecaiTiger
65%
FE9/10NepheneeSoldier
65%
FE14OboroSpear Fighter
65%
FE1/3/11/12OgmaMercenary
65%
FE13Say'riSwordmaster
65%
FE8*SelenaMage Knight
65%
FE9/10AstridBow Knight
64%
FE2/15AtlasVillager
64%
FE6/7BartreWarrior
64%
FE17ChloéLance Flier
64%
FE8ColmThief
64%
FE16 (DLC)ConstanceNoble
64%
FE2/15DeenMyrmidon
64%
FE14FloraMaid
64%
FE8GarciaFighter
64%
FE9/10GatrieKnight
64%
FE2/15GennyCleric
64%
FE4HawkSage
64%
FE9/10IlyanaMage
64%
FE8InnesSniper
64%
FE16JeritzaDeath Knight
64%
FE14KageroNinja
64%
FE6/7KarelSwordmaster
64%
FE2/15KliffVillager
64%
FE9/10MarciaPegasus Knight
64%
FE8MyrrhManakete
64%
FE9/10NaesalaRaven
64%
FE8NeimiArcher
64%
FE14RinkahOni Savage
64%
FE6RutgerMyrmidon
64%
FE2/15SaberMercenary
64%
FE8VanessaPegasus Knight
64%
FE13WalhartConqueror
64%
FE6WoltArcher
64%
FE7AthosArchsage
63%
FE2/15ForsythSoldier
63%
FE13GeromeWyvern Rider
63%
FE7GuyMyrmidon
63%
FE14HanaSamurai
63%
FE17HortensiaWing Tamer
63%
FE13LibraWar Monk
63%
FE2/15MathildaPaladin
63%
FE8MoulderPriest
63%
FE8NatashaCleric
63%
FE14NilesOutlaw
63%
FE13NoireArcher
63%
FE7RebeccaArcher
63%
FE9/10RhysPriest
63%
FE9/10VolkeThief
63%
FE17YunakaThief
63%
FE1/3/11/12BarstFighter
62%
FE4CharlotPriest
62%
FE2/15DeltheaMage
62%
FE7FioraPegasus Knight
62%
FE8FranzCavalier
62%
FE2/15KamuiMercenary
62%
FE7KarlaSwordmaster
62%
FE17LapisSword Fighter
62%
FE10LeanneHeron
62%
FE3/12MarishaCleric
62%
FE5OsianAxe Fighter
62%
FE17PanetteBerserker
62%
FE9/10RanulfCat
62%
FE6SophiaShaman
62%
FE17TimerraSentinel
62%
FE13AversaDark Flier
61%
FE4AyraSword Fighter
61%
FE17BoucheronAxe Fighter
61%
FE3/12CecilCavalier
61%
FE17CitrinneMage
61%
FE16CyrilCommoner
61%
FE4DeirdreLight Priestess
61%
FE1/3/11/12DraugKnight
61%
FE17EtieArcher
61%
FE4/5FinnLance Knight
61%
FE13FlaviaHero
61%
FE8FordeCavalier
61%
FE11/12FreyCavalier
61%
FE16GilbertFortress Knight
61%
FE14GunterGreat Knight
61%
FE9/10HaarWyvern Lord
61%
FE7HawkeyeBerserker
61%
FE14HinataSamurai
61%
FE17JadeAxe Armor
61%
FE14KadenKitsune
61%
FE14KanaNohr Prince/ss
61%
FE9/10LuciaSwordmaster
61%
FE16ManuelaPriest
61%
FE8MarisaMyrmidon
61%
FE6MeladyWyvern Rider
61%
FE1/3/11/12MerricMage
61%
FE14OrochiDiviner
61%
FE14PeriCavalier
61%
FE7PriscillaTroubadour
61%
FEW:THRheaSaint
61%
FE14SilasCavalier
61%
FE14SubakiSky Knight
61%
FE6SueNomad
61%
FE2/15ValbarKnight
61%
FE17VeyleFell Child
61%
FEHAlfonseLord
60%
FE13BasilioWarrior
60%
FE13CynthiaPegasus Knight
60%
FE10EdwardMyrmidon
60%
FE6FirMyrmidon
60%
FE17JeanMartial Monk
60%
FE8KyleCavalier
60%
FE4/5NannaTroubadour
60%
FE4QuanDuke Knight
60%
FE6RaighShaman
60%
FE10SanakiEmpress
60%
FE17VanderPaladin
60%
FE4ArdenSword Armor
59%
FE8CormagWyvern Rider
59%
FE7DartPirate
59%
FE8EwanPupil
59%
FE7FarinaPegasus Knight
59%
FE17FogadoSentinel
59%
FE13GangrelTrickster
59%
FE16HannemanMage
59%
FE4JeanneTroubadour
59%
FE6LughMage
59%
FE10MegArmor Sword
59%
FE14MozuVillager
59%
FE8*OrsonPaladin
59%
FE17RosadoWyvern Knight
59%
FE9/10TormodMage
59%
FE17AmberLance Cavalier
58%
FE14BerukaWyvern Rider
58%
FE6BorsKnight
58%
FE14CharlotteFighter
58%
FE6ClarineTroubadour
58%
FE8DuesselGreat Knight
58%
FE9/10EnaRed Dragon
58%
FE8GilliamKnight
58%
FE17GoldmaryHero
58%
FE17KagetsuSwordmaster
58%
FE6LanceCavalier
58%
FE2/15LuthierMage
58%
FE2/15MycenGold Knight
58%
FE14NyxDark Mage
58%
FE7RathNomad
58%
FE14SetsunaArcher
58%
FE2/15TatianaSaint
58%
FE8TethysDancer
58%
FE6WendyKnight
58%
FE6AlenCavalier
57%
FE16AloisWarrior
57%
FE9*AshnardKing Daein
57%
FE14AzamaMonk
57%
FE13BradyPriest
57%
FE4BrigidSniper
57%
FE7CanasShaman
57%
FE6DieckMercenary
57%
FE8DozlaBerserker
57%
FE14EffieKnight
57%
FE13EmmerynSage
57%
FE4EthlynTroubadour
57%
FE5EyvelSwordmaster
57%
FE8GerikMercenary
57%
FE4LachesisPrincess
57%
FE13LaurentMage
57%
FE14*LlewelynBerserker
57%
FE9/10MakalovSword Knight
57%
FE17 (DLC)NelFell Child
57%
FE9/10ReysonHeron
57%
FEHSharenaLord
57%
FE6TheaPegasus Knight
57%
FE7WallaceKnight
57%
FE1/11/12WolfHorseman
57%
FE13*ArvisSorcerer
56%
FE6CeciliaValkyrie
56%
FE10DanvedHalberdier
56%
FE9DevdanHalberdier
56%
FE13KjelleKnight
56%
FE12Kris-
56%
FE1/3/11/12LenaCurate
56%
FE10LeonardoArcher
56%
FE4LewynBard
56%
FE17MerrinWolf Knight
56%
FE10NailahWolf Queen
56%
FE17ZelkovThief
56%
FE9/10ZiharkMyrmidon
56%
FE1/3/11/12ArranPaladin
55%
FE14BennyKnight
55%
FE9/10BromKnight
55%
FE4/5CedSage
55%
FE6DorothyArcher
55%
FE1/3*/11/12*HardinCavalier
55%
FE8KnollShaman
55%
FE4LexAxe Knight
55%
FE7LowenCavalier
55%
FE17MauvierRoyal Knight
55%
FE14MidoriApothecary
55%
FE7OswinKnight
55%
FE13PriamHero
55%
FE6*ZephielKing
55%
FE10AranSoldier
54%
FE17BunetGreat Knight
54%
FE6ChadThief
54%
FE9/10GeoffreyPaladin
54%
FE17 (DLC)GregorySage
54%
FE7HarkenHero
54%
FE13*JuliusSorcerer
54%
FE7LegaultThief
54%
FE14NinaOutlaw
54%
FE14ReinaKinshi Knight
54%
FE6SaulPriest
54%
FE10LyreCat
53%
FE11/12NagiManakete
53%
FE10NolanFighter
53%
FE7RenaultBishop
53%
FE8RennacRogue
53%
FE14ScarletWyvern Lord
53%
FE17SeadallDancer
53%
FE14SelkieKitsune
53%
FE9/10StefanSwordmaster
53%
FE8SyreneFalcoknight
53%
FE9/10TanithFalcon Knight
53%
FE7VaidaWyvern Lord
53%
FE13YarneTaguel
53%
FE4AltenaWyvern Rider
52%
FE6EchidnaHero
52%
FE14ForrestTroubadour
52%
FE7IsadoraPaladin
52%
FE14KeatonWolfskin
52%
FE10KurthnagaDragon Prince
52%
FE1/3/11/12LindeMage
52%
FE6NoahCavalier
52%
FE17PandreoHigh Priest
52%
FEW:THShezMyrmidon
52%
FE14VelouriaWolfskin
52%
FE17 (DLC)ZelestiaMelusine
52%
FE1/3/11/12BantuManakete
51%
FE1/3/11/12JulianThief
51%
FE9/10KieranAxe Knight
51%
FE4LarceiSword Fighter
51%
FE9/10MuarimTiger
51%
FE4NaoiseCavalier
51%
FE9/10NasirWhite Dragon
51%
FE6NiimeDruid
51%
FE6OgierMercenary
51%
FE8SalehSage
51%
FE10SephiranChancellor
51%
FE14SophieCavalier
51%
FE10CaineghisLion King
50%
FE15ConradPaladin
50%
FE4FeePegasus Knight
50%
FEHFjormIce Princess
50%
FE14FugaMaster of Arms
50%
FE14HayatoDiviner
50%
FE4JamkeBow Fighter
50%
FE2/15JesseMercenary
50%
FE6KleinSniper
50%
FE10LauraPriest
50%
FE14OpheliaDark Mage
50%
FE14ShigureSky Knight
50%
FE10SigrunFalconknight
50%
FE4SilviaDancer
50%
FE14SoleilMercenary
50%
FE9/10UlkiHawk
50%
FE8*ValterWyvern Knight
50%
FE4AlecCavalier
49%
FE9/10BastianSage
49%
FE5OlwenMage Knight
49%
FE4TailtiuThunder Mage
49%
FE9/10TauroneoGeneral
49%
FE13Yen'faySwordmaster
49%
FE4AzelleMage
48%
FE4BeowolfFree Knight
48%
FE14DwyerTroubadour
48%
FE4ErinysPegasus Knight
48%
FE10FionaLance Knight
48%
FE6GonzalezBrigand
48%
FE1/3/11/12GotohBishop
48%
FE9/10JanaffHawk
48%
FE1/3/11/12JeorgeSniper
48%
FE10RafielHeron
48%
FE6ZelotPaladin
48%
FE4AresCavalier
47%
FE4DewThief
47%
FE13 (DLC)EldiganPaladin
47%
FE1/3/11/12EliceCurate
47%
FE10HeatherRogue
47%
FE6HughMage
47%
FE6IgreneSniper
47%
FE1/11/12JakeBallistician
47%
FE6JunoFalcon Knight
47%
FE6LarumDancer
47%
FE17 (DLC)MadelineGeneral
47%
FE4PattyThief
47%
FE10PelleasDark Sage
47%
FE6PercevalPaladin
47%
FE17SaphirWarrior
47%
FE10VikaRaven
47%
FE10VolugWolf
47%
FE1/11/12DarrosPirate
46%
FEHLifHero
46%
FE14*LloydBerserker
46%
FE13*LloydSwordmaster
46%
FE6LotFighter
46%
FE4MidirArch Knight
46%
FE6*NarcianWyvern Lord
46%
FE13*NergalSorcerer
46%
FE11/12NorneArcher
46%
FE9*/FE10OliverSaint
46%
FE14PercyWyvern Rider
46%
FE1/11/12SedgarHorseman
46%
FE5ShannamSwordmaster
46%
FE4ShannanSwordmaster
46%
FE14ShuraAdventurer
46%
FEHVeronicaStrategist
46%
FE6AstolfoThief
45%
FE11/12AthenaMyrmidon
45%
FE6ElffinBard
45%
FE17LindonSage
45%
FE13*LinusHero
45%
FE4TineMage
45%
FE6TreckCavalier
45%
FE1/3/11/12XaneFreelancer
45%
FEW:THMonicaMonk
44%
FE2/15NomahSage
44%
FE4OifeyPaladin
44%
FE5SaraCleric
44%
FE14YukimuraMechanist
44%
FE9/10CalillSage
43%
FE5DagdarWarrior
43%
FE15 (DLC)*FernandCavalier
43%
FE6GarretBerserker
43%
FE6GeesePirate
43%
FE7GeitzWarrior
43%
FE9/10GiffcaLion
43%
FE13*IshtarSage
43%
FE14IzanaOnmyoji
43%
FEW:THJeraltHoly Knight
43%
FE4LanaPriest
43%
FE4LeneDancer
43%
FE5MareetaSword Fighter
43%
FE4ScáthachSword Fighter
43%
FE14SiegbertCavalier
43%
FEW:THSothisGremory
43%
FE13*UrsulaValkyrie
43%
FE1/11/12VylandCavalier
43%
FE6WadeFighter
43%
FEHHelReaper of Death
42%
FE12KatarinaSage
42%
FE14KiragiArcher
42%
FE1/11/12RosheaCavalier
42%
FE14ShiroSpear Fighter
42%
FE11/12YmirWarrior
42%
FEHYmirLife Goddess
42%
FE8*CaellachHero
41%
FE1/3/11/12CastorHunter
41%
FE9LargoBerserker
41%
FE5MartyBrigand
41%
FE12MichalisDracoknight
41%
FE14MitamaShrine Maiden
41%
FE10NealuchiRaven
41%
FE5SafyPriest
41%
FE1/3/11/12WendellBishop
41%
FE5AsbelMage
40%
FE1/3/11/12AstramHero
40%
FE4ChulainnSword Fighter
40%
FE4EdainPriest
40%
FE14IgnatiusKnight
40%
FE1/3/11/12MatthisCavalier
40%
FE9*PetrinePaladin
40%
FE10RenningGold Knight
40%
FE5TanyaBow Fighter
40%
FE6ZeissWyvern Rider
40%
FE6DayanNomad Trooper
39%
FE6DouglasGeneral
39%
FE5EdaDragon Rider
39%
FE4HannibalGeneral
39%
FE14HisameSamurai
39%
FE1/3/11/12RickardThief
39%
FE10SkrimirLion
39%
FEHSurtrFlame King
39%
TMS #FETsubasaPegasus Knight
39%
FE6BartheKnight
38%
FE4IucharAxe Knight
38%
FE10KyzaTiger
38%
FE3/12PhinaDancer
38%
FE1/3/11/12SamsonHero
38%
FE5TinaPriest
38%
FEHAskrRuler of Askr
37%
TMS #FEItsukiLord
37%
FE5KarinPegasus Rider
37%
FE12* (DLC)LegionBerserker
37%
FEHLokiDark Bishop
37%
FEHPeonyLight Fairy
37%
FE8*RievBishop
37%
FEHEmblaRuler of Embla
36%
FE6*GalleWyvern Lord
36%
FE8*GlenWyvern Lord
36%
FEW:THHolstSwordmaster
36%
FE5LifisThief
36%
FE1/3/11/12MidiaPaladin
36%
FE6*MurdockGeneral
36%
FE3/12RoderickCavalier
36%
FE13*TravantWyvern Rider
36%
FE6YoderBishop
36%
FEW:THArvalDark Bishop
35%
FE6*BrunnyaSage
35%
FE1/3/11/12CaesarMercenary
35%
FE4IucharbaAxe Fighter
35%
FE12MaliceMyrmidon
35%
FEHNiflIce Goddess
35%
FE3/12NynaBishop
35%
FE1/3/11/12RaddMercenary
35%
FE5SalemLoptr Mage
35%
FE1/3/11/12TomasArcher
35%
FE16 (DLC)*AelfricMonk
34%
FE5GalzusMercenary
34%
FE6*GuinivereSage
34%
FE5HomerBard
34%
FE8*IsmaireSwordmaster
34%
FE5RonanBow Fighter
34%
FE:WRowanLord
34%
FE5SaiasHigh Priest
34%
FE12* (DLC)ClarisseSniper
33%
FE4CoirprePriest
33%
FE4DiarmuidFree Knight
33%
FE11/12EtzelSorcerer
33%
FEW:THGatekeeperSoldier
33%
FE4LesterArch Knight
33%
FEHMuspellFlame God
33%
FE5XavierGeneral
33%
FE4DaisyThief
32%
FE8*FadoGeneral
32%
FEHFreyrDream Goat
32%
FEHGunnthraValkyrie
32%
FE5HalvanAxe Fighter
32%
FE3/12JubeloMage
32%
FEHRatatoskrSquirrel
32%
FEW:THRodrigueCavalier
32%
FE0/FE15ShadeSaint
32%
FE1/11/12BeckBallistician
31%
FE1/3*/11/12*BoahBishop
31%
FE1/3/11/12DolphKnight
31%
FE0/FE15EmmaFalcon Knight
31%
FEHFreyjaDream Goat
31%
FEHGullveigGolden Seer
31%
FE:WLiannaLord
31%
FE5MirandaMage
31%
FE1/3/11/12RogerKnight
31%
FEHThorrThunder God
31%
FE3/12YuliyaCleric
31%
FE10GarethRed Dragon
30%
FE12* (DLC)GharnefSorcerer
30%
FEHLaegjarnWyvern Lord
30%
FEHLaevateinMyrmidon
30%
FE4LindaThunder Mage
30%
FE1/3/11/12MacellanKnight
30%
FE4MuirnePriest
30%
FE3/12RyanArcher
30%
FE0/FE15YuzuPriestess
30%
FE3/12ArlenMage
29%
FE4FebailBow Fighter
29%
FE11/12HoraceGeneral
29%
FEHHridPaladin
29%
FE5LinoanCleric
29%
FEHPlumeriaDark Fairy
29%
FE5RobertArch Knight
29%
FE12RobertoHorseman
29%
FE3/12SamuelMyrmidon
29%
FE3/12SheenaGeneral
29%
FEHTriandraDark Fairy
29%
FE4CreidneSword Fighter
28%
FEHDagrJotunn Princess
28%
FE8*HaydenRanger
28%
FEHHelbindiBerserker
28%
FE5MachyuaSword Fighter
28%
FEHMirabilisLight Fairy
28%
FEHReginnDvergr
28%
FE5SelphinaArch Knight
28%
FE5ShivaSword Fighter
28%
FE5DalsinAxe Armor
27%
FE5FergusFree Knight
27%
TMS #FEKiriaDark Mage
27%
FEHThrasirSorcerer
27%
FE12DiceFighter
26%
FE4HerminaPegasus Knight
26%
TMS #FEMamoriKnight
26%
FEHNottJotunn Princess
26%
FE0/FE15RandalPaladin
26%
FEHSeiðrVanir
26%
FEHYlgrThief
26%
FE5BrightonAxe Knight
25%
FE5CarrionCavalier
25%
FE4LayleaDancer
25%
FE5RalfMercenary
25%
TMS #FEToumaCavalier
25%
FE5AmaldaPaladin
24%
FE12* (DLC)EremiyaBishop
24%
FE12FrostBishop
24%
FE5GladeDuke Knight
24%
FE5HicksAxe Knight
24%
FE5MishaPegasus Knight
24%
FEHOtrDvergr
24%
FE5AlvaLance Knight
23%
FE12BelfCavalier
23%
FEHEitrDream Goat
23%
TMS #FEEleonoraArcher
23%
FE9*ShiharamWyvern Lord
23%
FE5SleufPriest
23%
FE4AmidWind Mage
22%
TMS #FE: EBarryFighter
22%
FE9*BryceGeneral
22%
FE5ConomorPaladin
22%
FEHGustavGreat Knight
22%
FE4AsaelloBow Fighter
21%
FE14*CandaceAdventurer
21%
FE4DalvinSword Fighter
21%
FEHHeiðrVanir
21%
FE5IliosMage Knight
21%
FE13*RaydrikGeneral
21%
FE4TristanFree Knight
21%
FE5TroudeSword Fighter
21%
FE3/12WarrenHunter
21%
FEHEitriWitch
20%
FEHKvasirVanir
19%
FEHGinnungagapVoid Ruler
18%
FE14*HaitakaSpear Fighter
18%
FE12ReidenCavalier
18%
FE4DeimneArch Knight
17%
FEHLetiziaMage Knight
17%
FEHGanglotReaper
15%
FEHNerþuzDream Goat
15%
TMS #FE: EMaikoDancer
14%
FE14*NicholMalig Knight
14%
TMS #FEYashiroMyrmidon
13%
FE14*GazakBerserker
11%
FE14*KumageraOni Chieftain
11%
FE0ValjeanSword Armor
10%
FE0AliceNoble
8%
FE14*DanielaStrategist
8%
FE0PoeNoble
8%
FE0NiamhChaos Knight
7%
FE14*SennoMerchant
7%
FE14*FunkeAdventurer
6%
FE14*ZharaHero
6%
FE14*TarbaBerserker
5%
FE14*DaichiBasara
4%

Score Distribution

Percentile by Number Answered

Percent of People with Each Score

Your Score History

You have not taken this quiz since the last reset